<?xml version="1.0" encoding="UTF-8"?>
<record
    xmlns:xsi="http://www.w3.org/2001/XMLSchema-instance"
    xsi:schemaLocation="http://www.loc.gov/MARC21/slim http://www.loc.gov/standards/marcxml/schema/MARC21slim.xsd"
    xmlns="http://www.loc.gov/MARC21/slim">

  <leader>00580nam a2200193Ia 4500</leader>
  <controlfield tag="008">220501s2019    xx            000 0 eng d</controlfield>
  <datafield tag="020" ind1=" " ind2=" ">
    <subfield code="a">9789352865291</subfield>
  </datafield>
  <datafield tag="082" ind1=" " ind2=" ">
    <subfield code="a">658.4013 BES-T</subfield>
  </datafield>
  <datafield tag="100" ind1=" " ind2=" ">
    <subfield code="a">Besterfield, Dale H.</subfield>
  </datafield>
  <datafield tag="245" ind1=" " ind2="0">
    <subfield code="a">Total quality management</subfield>
    <subfield code="c">Dale H. Besterfield, Mary Besterfield Michna and Glen H Besterfield</subfield>
  </datafield>
  <datafield tag="250" ind1=" " ind2=" ">
    <subfield code="a">5th</subfield>
  </datafield>
  <datafield tag="260" ind1=" " ind2=" ">
    <subfield code="a">Noida</subfield>
    <subfield code="b">Pearson</subfield>
    <subfield code="c">2019</subfield>
  </datafield>
  <datafield tag="300" ind1=" " ind2=" ">
    <subfield code="a">xxi, 622p.</subfield>
  </datafield>
  <datafield tag="650" ind1=" " ind2=" ">
    <subfield code="a">Operations Management</subfield>
  </datafield>
  <datafield tag="650" ind1=" " ind2=" ">
    <subfield code="a">Total quality management</subfield>
  </datafield>
  <datafield tag="700" ind1=" " ind2=" ">
    <subfield code="a">Besterfield, Glen H</subfield>
  </datafield>
  <datafield tag="700" ind1=" " ind2=" ">
    <subfield code="a">Michna, Mary Besterfield</subfield>
  </datafield>
  <datafield tag="942" ind1=" " ind2=" ">
    <subfield code="2">ddc</subfield>
    <subfield code="c">BK</subfield>
  </datafield>
  <datafield tag="999" ind1=" " ind2=" ">
    <subfield code="c">18335</subfield>
    <subfield code="d">18335</subfield>
  </datafield>
  <datafield tag="952" ind1=" " ind2=" ">
    <subfield code="0">0</subfield>
    <subfield code="1">0</subfield>
    <subfield code="2">ddc</subfield>
    <subfield code="4">0</subfield>
    <subfield code="7">0</subfield>
    <subfield code="a">SOBD</subfield>
    <subfield code="b">SOBD</subfield>
    <subfield code="d">2019-03-07</subfield>
    <subfield code="e">Vedi Books</subfield>
    <subfield code="g">495.72</subfield>
    <subfield code="o">658.4013 BES-T1</subfield>
    <subfield code="p">000198</subfield>
    <subfield code="r">2022-07-01</subfield>
    <subfield code="t">1</subfield>
    <subfield code="w">2019-02-26</subfield>
    <subfield code="y">REF</subfield>
    <subfield code="k">1134</subfield>
  </datafield>
  <datafield tag="952" ind1=" " ind2=" ">
    <subfield code="0">0</subfield>
    <subfield code="1">0</subfield>
    <subfield code="2">ddc</subfield>
    <subfield code="4">0</subfield>
    <subfield code="7">0</subfield>
    <subfield code="a">SOBD</subfield>
    <subfield code="b">SOBD</subfield>
    <subfield code="d">2019-03-07</subfield>
    <subfield code="e">Vedi Books</subfield>
    <subfield code="g">495.72</subfield>
    <subfield code="o">658.4013 BES-T2</subfield>
    <subfield code="p">000199</subfield>
    <subfield code="r">2024-03-20</subfield>
    <subfield code="t">2</subfield>
    <subfield code="w">2019-02-26</subfield>
    <subfield code="y">BK</subfield>
    <subfield code="k">1134</subfield>
  </datafield>
  <datafield tag="952" ind1=" " ind2=" ">
    <subfield code="0">0</subfield>
    <subfield code="1">0</subfield>
    <subfield code="2">ddc</subfield>
    <subfield code="4">0</subfield>
    <subfield code="7">0</subfield>
    <subfield code="a">SOBD</subfield>
    <subfield code="b">SOBD</subfield>
    <subfield code="d">2019-03-07</subfield>
    <subfield code="e">Vedi Books</subfield>
    <subfield code="g">495.72</subfield>
    <subfield code="o">658.4013 BES-T3</subfield>
    <subfield code="p">000200</subfield>
    <subfield code="r">2022-07-01</subfield>
    <subfield code="t">3</subfield>
    <subfield code="w">2019-02-26</subfield>
    <subfield code="y">BK</subfield>
    <subfield code="k">1134</subfield>
  </datafield>
  <datafield tag="952" ind1=" " ind2=" ">
    <subfield code="0">0</subfield>
    <subfield code="1">0</subfield>
    <subfield code="2">ddc</subfield>
    <subfield code="4">0</subfield>
    <subfield code="7">0</subfield>
    <subfield code="a">SOBD</subfield>
    <subfield code="b">SOBD</subfield>
    <subfield code="d">2019-03-07</subfield>
    <subfield code="e">Vedi Books</subfield>
    <subfield code="g">495.72</subfield>
    <subfield code="o">658.4013 BES-T4</subfield>
    <subfield code="p">000201</subfield>
    <subfield code="r">2022-07-01</subfield>
    <subfield code="t">4</subfield>
    <subfield code="w">2019-02-26</subfield>
    <subfield code="y">BK</subfield>
    <subfield code="k">1134</subfield>
  </datafield>
  <datafield tag="952" ind1=" " ind2=" ">
    <subfield code="0">0</subfield>
    <subfield code="1">0</subfield>
    <subfield code="2">ddc</subfield>
    <subfield code="4">0</subfield>
    <subfield code="7">0</subfield>
    <subfield code="a">SOBD</subfield>
    <subfield code="b">SOBD</subfield>
    <subfield code="d">2019-03-07</subfield>
    <subfield code="e">Vedi Books</subfield>
    <subfield code="g">495.72</subfield>
    <subfield code="o">658.4013 BES-T5</subfield>
    <subfield code="p">000202</subfield>
    <subfield code="r">2022-07-01</subfield>
    <subfield code="t">5</subfield>
    <subfield code="w">2019-02-26</subfield>
    <subfield code="y">BK</subfield>
    <subfield code="k">1134</subfield>
  </datafield>
</record>
